000 00586nmm a2200169Ia 4500
008 251105s9999||||xx |||||||||||||||||und||
041 _aspa
100 _aBenavente García
245 0 _aSeguridad, higiene y protección ambiental en hostelería :
_b Manipulación de alimentos
264 _a[Madrid, España] :
_bIdeaspropias Editorial,
_c[Fecha de publicación no identificada]
300 _a0 páginas
700 _aBenavente García
700 1 _a Benavente Jareño, Elena
700 1 _a José Ignacio
856 _uhttps://public.digitaliapublishing.com/a/87163
942 _cCF
999 _c62705
_d62705